[Event "TCh-RUS"]
[Site "Sochi RUS"]
[Date "2004.04.20"]
[Round "1"]
[White "Fominyh,A"]
[Black "Alekseev,Evgeny"]
[Result "0-1"]
[WhiteElo "2579"]
[BlackElo "2616"]
[EventDate "2004.04.20"]

1. d4 Nf6 2. c4 e6 3. g3 Bb4+ 4. Nd2 d5 5. Ngf3 dxc4 6. Bg2 a5 7. O-O b5 8.
a3 Be7 9. a4 c6 10. Ne5 Nd5 11. Ne4 O-O 12. Nc3 Ba6 13. Qc2 Ra7 14. Rd1 Rb7
15. axb5 cxb5 16. Nxd5 exd5 17. e4 f6 18. Ng4 Nc6 19. exd5 Nb4 20. Qf5 Bd6
21. Ne3 Re7 22. Qf3 Bc8 23. Nf5 Bxf5 24. Qxf5 a4 25. Bf1 Qe8 26. Rb1 Qg6
27. Qxg6 hxg6 28. Bd2 Kf7 29. h4 Rfe8 30. Bxb4 Bxb4 31. Bh3 f5 32. h5 Re1+
33. Rxe1 Rxe1+ 34. Rxe1 Bxe1 35. hxg6+ Kf6 36. d6 c3 37. d7 Ke7 0-1

[Event "TCh-RUS"]
[Site "Sochi RUS"]
[Date "2004.04.21"]
[Round "2"]
[White "Batsanin,D"]
[Black "Vorobiov,E"]
[Result "1/2-1/2"]
[WhiteElo "2429"]
[BlackElo "2552"]
[EventDate "2004.04.20"]

1. e4 c5 2. Nf3 d6 3. Bb5+ Nd7 4. d4 Ngf6 5. Nc3 a6 6. Bxd7+ Nxd7 7. O-O e6
8. Bg5 Qc7 9. Qd2 h6 10. Bh4 cxd4 11. Nxd4 g5 12. Bg3 Ne5 13. Rad1 Nc4 14.
Qc1 Bd7 15. b3 Ne5 16. Nce2 Be7 17. f3 b5 18. Kh1 h5 19. Bf2 Qb7 20. Qd2
Rc8 21. Nc1 Ng6 22. Be3 g4 23. Qf2 Rh7 24. Nd3 h4 25. h3 gxh3 26. gxh3 Rh5
27. Rd2 e5 28. Ne2 Bxh3 29. Rg1 Be6 30. Nb4 a5 31. Nd5 Bxd5 32. exd5 Qd7
33. Qg2 Qf5 34. Qg4 Bd8 35. Kh2 Qxg4 36. fxg4 Rh7 37. Kh3 f6 38. c3 Rb7 39.
Rf1 a4 40. Rf5 Rbc7 41. Rd3 axb3 42. axb3 Ra8 43. Bb6 Rf7 44. Bxd8 Kxd8 45.
Rdf3 Ke7 46. c4 bxc4 47. bxc4 Ra2 48. Re3 Rd2 49. Nf4 Nxf4+ 50. Rxf4 Rg7
51. Rfe4 Rd1 52. Re1 Rxe1 53. Rxe1 f5 54. gxf5 Kf6 55. Kxh4 Kxf5 56. Rf1+
Ke4 57. Rf6 Kd4 58. Rxd6 Kxc4 59. Rd8 e4 60. d6 Kd3 61. Re8 Rd7 62. Re6 e3
63. Kg5 e2 64. Kf6 Kd2 65. Rxe2+ 1/2-1/2

[Event "TCh-RUS"]
[Site "Sochi RUS"]
[Date "2004.04.24"]
[Round "5"]
[White "Lugovoi,A"]
[Black "Maletin,P"]
[Result "1/2-1/2"]
[WhiteElo "2550"]
[BlackElo "2423"]
[EventDate "2004.04.20"]

1. d4 Nf6 2. c4 e6 3. Nc3 Bb4 4. e3 c5 5. Nge2 cxd4 6. exd4 d5 7. c5 Nc6 8.
a3 Bxc3+ 9. Nxc3 O-O 10. Bb5 Ne4 11. O-O Qa5 12. Bxc6 bxc6 13. Ne2 Ba6 14.
f3 Nf6 15. Rf2 Rfb8 16. Ng3 Qc7 17. Bg5 Ne8 18. Qc1 f6 19. Bd2 Rb3 20. Bc3
Qf7 21. Qf4 Nc7 22. a4 Bc4 23. Re1 Re8 24. Qd2 Na6 25. Ne2 Rb7 26. Nc1 Nb8
27. Qc2 Rbe7 28. b3 Ba6 29. Nd3 Bc8 1/2-1/2

[Event "TCh-RUS"]
[Site "Sochi RUS"]
[Date "2004.04.24"]
[Round "5"]
[White "Aleksandrov,A"]
[Black "Vekshenkov,N"]
[Result "1-0"]
[WhiteElo "2668"]
[BlackElo "2462"]
[EventDate "2004.04.20"]

1. d4 Nf6 2. c4 e6 3. Nc3 Bb4 4. e3 c5 5. Nge2 d5 6. a3 Bxc3+ 7. Nxc3 cxd4
8. exd4 dxc4 9. Bxc4 Nc6 10. Be3 O-O 11. O-O b6 12. Qf3 Bb7 13. Bd3 Qd7 14.
Qh3 Ne7 15. Bg5 Ng6 16. Bxf6 gxf6 17. Rad1 Rad8 18. Rfe1 Qc7 19. Bxg6 hxg6
20. Qh6 Qc6 21. Ne4 Qxe4 22. Rxe4 Bxe4 23. Qf4 f5 24. Qc7 Ra8 25. Rc1 Rfd8
26. f3 Bd5 27. h4 Ba2 28. Qb7 Rdb8 29. Qe7 Re8 30. Qg5 Rac8 31. Kh2 Rxc1
32. Qxc1 Re7 33. Qc6 f6 34. g4 fxg4 35. fxg4 Bd5 36. Qd6 Rf7 37. Kg3 Kh7
38. Kf4 Kh6 39. Qb8 g5+ 40. hxg5+ fxg5+ 41. Ke5 Kh7 42. Qe8 Rg7 43. b4 Rg6
44. Qf7+ Kh6 45. Qxa7 Bf3 46. Qb8 Kh7 47. Qc7+ Rg7 48. Qc2+ Rg6 49. Qh2+
Rh6 50. Qg3 Be2 51. Qg2 Bd1 52. b5 Rh4 53. Kf6 Rh6+ 54. Kf7 1-0

[Event "TCh-RUS"]
[Site "Sochi RUS"]
[Date "2004.04.27"]
[Round "8"]
[White "Onischuk,Al"]
[Black "Vekshenkov,N"]
[Result "1-0"]
[WhiteElo "2652"]
[BlackElo "2462"]
[EventDate "2004.04.20"]

1. d4 Nf6 2. c4 e6 3. Nc3 Bb4 4. e3 c5 5. Nge2 d5 6. a3 Bxc3+ 7. Nxc3 cxd4
8. exd4 dxc4 9. Bxc4 Nc6 10. Be3 O-O 11. O-O h6 12. Rc1 Ne7 13. Qf3 Ned5
14. Qg3 Kh8 15. Nxd5 exd5 16. Bd3 Bd7 17. Qd6 Bc6 18. Qxd8 Rfxd8 19. f3
Rac8 20. Bf4 Kg8 21. Rc5 Nd7 22. Rc3 Nf8 23. Kf2 Ne6 24. Ke2 Bd7 25. Rxc8
Rxc8 26. Rc1 Nc7 27. Re1 Ne6 28. Kd2 Nc7 29. b3 Kf8 30. g4 Re8 31. Rc1 Rc8
32. Bg3 Ke7 33. Re1+ Be6 34. Be5 Ne8 35. h4 Kf8 36. g5 hxg5 37. hxg5 g6 38.
Rh1 Ke7 39. Rh7 Kd8 40. b4 a6 41. a4 Rc6 42. b5 axb5 43. axb5 Rc8 44. Bf6+
Nxf6 45. gxf6 b6 46. Rg7 Ke8 47. Bxg6 Rc4 48. Ke3 Rc3+ 49. Kf4 Rb3 50. Ke5
Rxf3 51. Kd6 fxg6 52. Kxe6 Kf8 53. Rxg6 Re3+ 54. Kxd5 Kf7 55. Rh6 Rc3 56.
Rh7+ Kxf6 57. Rb7 Rc4 1-0